| 000 | 00584nam a22002057a 4500 | ||
|---|---|---|---|
| 001 | 00028962 | ||
| 005 | 20260430140615.0 | ||
| 008 | 260430b ag ||||| |||| 00| 0 spa d | ||
| 020 | _a9789870702795 | ||
| 040 |
_bspa _cAR-CcCEOS |
||
| 080 | _a820-3(73)=60=20 | ||
| 090 | _bCRA08 | ||
| 100 | 1 |
_aCrane, Stephen, _d1871-1900 _91153 |
|
| 245 |
_aThree Miraculous Soldiers : _bTres soldados milagrosos / _cStephen Crane |
||
| 250 | _a1ª ed. | ||
| 260 |
_aBuenos Aires : _bArte Gráfico, _c2008 |
||
| 300 |
_a64 p. ; _c20x13 cm. |
||
| 650 | 0 | _aliteratura inglesa | |
| 942 |
_2udc _cBK |
||
| 999 |
_c29015 _d29015 |
||
| 945 |
_a66467 _bMelina Rolando _c66467 _dMelina Rolando |
||